000
00322 a2200133 4500
000
nam a22 7a 4500
100
_a
Crabtree, Benjamin F.
110
_a
Crabtree, Benjamin F.
245
_a
Doing Qualitative Research
250
_a
Latest edition
260
_b
Sage
_c
2023
264
_b
Sage
_c
2023
942
_c
BK
999
_c
396743
_d
396743